| 000 | 00519nam a2200145 a 4500 | ||
|---|---|---|---|
| 001 | 000028028 | ||
| 005 | 20200930031305.0 | ||
| 008 | 110406s19uu dr a 000 0 spa d | ||
| 040 |
_aDO-SdBNP _bspa _cBNPHU |
||
| 082 |
_axxx _bK93e |
||
| 100 | 1 |
_aKronlund, Martín _955065 |
|
| 245 | 1 | 3 |
_aLa esgrima : _bdeporte psico-físico para niños y mayores / _cMartín Kronlund. |
| 260 |
_aSanto Domingo : _bSecretaría de Estado de Deportes, Educación Física y Recreación (SEDEFIR), _c[19--?]. |
||
| 300 |
_a17 p. : _bil. ; _c22 cm. |
||
| 999 |
_c27520 _d27520 |
||